书目信息 |
| 题名: |
狼人
|
|
| 作者: | 弗洛伊德 著 ;陈嘉新 译 | |
| 分册: | ||
| 出版信息: | 北京 社会科学文献出版社 2015.02 |
|
| 页数: | 122页 | |
| 开本: | 23cm | |
| 丛书名: | 弗洛伊德经典个案系列 | |
| 单 册: | ||
| 中图分类: | B84-065 , R749.7 | |
| 科图分类: | ||
| 主题词: | 神经官能症--症状--分析 | |
| 电子资源: | ||
| ISBN: | 978-7-5097-7066-5 | |
| 000 | 01385oam2 2200337 450 | |
| 001 | 0120151523765 | |
| 005 | 20160704085523.52 | |
| 010 | @a978-7-5097-7066-5@dCNY25.00 | |
| 100 | @a20150317d2015 em y0chiy50 ea | |
| 101 | 1 | @achi@cger |
| 102 | @aCN@b110000 | |
| 105 | @ay z 000yy | |
| 106 | @ar | |
| 200 | 1 | @a狼人@9lang ren@e孩童期精神官能症案例的病史@dFrom the history of an infantile neurosis@f(奥)弗洛伊德(Sigmund Freud)著@g陈嘉新译@zeng |
| 210 | @a北京@c社会科学文献出版社@d2015.02 | |
| 215 | @a122页@d23cm | |
| 225 | 2 | @a弗洛伊德经典个案系列 |
| 305 | @a由心灵工坊文化事业股份有限公司授权出版 | |
| 330 | @a本书主要内容包括:病人环境与病史的大略调查、诱惑与其立即效果、梦与原初场景、讨论、强迫性精神官能症、肛门情欲与阉割情结、原初时期的新资料以及解决之道、简单摘要与问题分析等。 | |
| 333 | @a心理学临床研究者 | |
| 461 | 0 | @12001 @a弗洛伊德经典个案系列 |
| 510 | 1 | @aFrom the history of an infantile neurosis@zeng |
| 517 | 1 | @a孩童期精神官能症案例的病史@9hai tong qi jing shen guan neng zheng an li de bing shi |
| 600 | 0 | @a弗洛伊德@c(Freud, Sigmmund@f1856-1939)@x精神分析 |
| 606 | 0 | @a神经官能症@x症状@x分析 |
| 690 | @aB84-065@v5 | |
| 690 | @aR749.7@v5 | |
| 701 | 0 | @c(奥)@a弗洛伊德@9fu luo yi de@c(Freud, Sigmund@f1856-1939)@4著 |
| 702 | 0 | @a陈嘉新@9chen jia xin@4译 |
| 801 | 0 | @aCN@b人天书店@c20150317 |
| 905 | @b880156-61@dB84-065@e1361@f6 | |
| 狼人:孩童期精神官能症案例的病史=From the history of an infantile neurosis/(奥)弗洛伊德(Sigmund Freud)著/陈嘉新译.-北京:社会科学文献出版社,2015.02 |
| 122页;23cm.-(弗洛伊德经典个案系列) |
| 使用对象:心理学临床研究者 |
| ISBN 978-7-5097-7066-5:CNY25.00 |
| 本书主要内容包括:病人环境与病史的大略调查、诱惑与其立即效果、梦与原初场景、讨论、强迫性精神官能症、肛门情欲与阉割情结、原初时期的新资料以及解决之道、简单摘要与问题分析等。 |
| ● |
| 相关链接 |
|
|
|
|
正题名:狼人
索取号:B84-065/1361
 
预约/预借
| 序号 | 登录号 | 条形码 | 馆藏地/架位号 | 状态 | 备注 |
| 1 | 880156 | 208801563 | 第一样本阅览室/ [索取号:B84-065/1361] | 在馆 | |
| 2 | 880157 | 208801572 | 教育系资料室/ [索取号:B84-065/1361] | 在馆 | |
| 3 | 880158 | 208801581 | 教育系资料室/ [索取号:B84-065/1361] | 在馆 | |
| 4 | 880159 | 208801590 | 教育系资料室/ [索取号:B84-065/1361] | 在馆 | |
| 5 | 880160 | 208801607 | 第一借阅区/ [索取号:B84-065/1361] | 在馆 | |
| 6 | 880161 | 208801616 | 第一借阅区/ [索取号:B84-065/1361] | 在馆 |